MARC

LEADER 00000nam0a2200000 4500
001 316753
005 20231102002915.0
020 |a RU  |b 82-71869 
035 |a (RuTPU)RU\TPU\book\342221 
090 |a 316753 
100 |a 20160328d1982 km y0rusy5003 ca 
101 0 |a rus 
102 |a RU 
105 |a a z 001zy 
200 1 |a Гидравлика сооружений и русловые процессы  |e межвузовский тематический сборник  |f Калининский политехнический институт (КПИ) ; под ред. И. А. Снегирева 
210 |a Калинин  |c Изд-во КГУ  |d 1982 
215 |a 156 с.  |c ил. 
320 |9 572  |a Библиогр. в конце ст. 
606 1 |a Инженерная гидравлика  |2 stltpush  |3 (RuTPU)RU\TPU\subj\12573  |9 39336 
606 1 |a Поток русловой  |x Значение антропического фактора  |2 stltpush  |3 (RuTPU)RU\TPU\subj\50975  |9 69589 
610 1 |a гидротехнические сооружения 
610 1 |a русловые процессы 
610 1 |a русловые сооружения 
610 1 |a грунтовые воды 
610 1 |a донные потоки 
610 1 |a математическое описание 
610 1 |a стратифицированные жидкости 
610 1 |a фильтрация 
610 1 |a землесосные снаряды 
675 |a 627.13  |v 3 
675 |a 627.4  |v 3 
702 1 |a Снегирев  |b И. А.  |4 340 
712 0 2 |a Калининский политехнический институт (КПИ)  |c (1958-1990)  |2 stltpush  |3 (RuTPU)RU\TPU\col\7669 
801 0 |a RU  |b RuMRKP  |c 19950704  |g psbo 
801 1 |a RU  |b 63413507  |c 20160328 
801 2 |a RU  |b 63413507  |c 20200611  |g RCR 
942 |c BK